Bones - Statistics

General Stats
  • This quiz has been taken 2,019 times
  • The average score is 10 of 15
Answer Stats
Hint Answer % Correct
Longest bone in the body femur
97%
Commonly known as the "collarbone" clavicle
88%
The kneecap patella
86%
The breast bone sternum
81%
The smaller of the twin bones of the lower leg fibula
79%
Upper arm bone humerus
75%
The forearm bone responsible for the pointy part of the elbow ulna
75%
These form the spinal column vertebrae
74%
Forms the shoulder blade scapula
72%
These make up our fingers phalanges
68%
The inside ankle bump (malleolus) is a part of this bone tibia
59%
Group of eight small bones in the hand/wrist carpal bones
57%
The heel bone calcaneus
29%
This ossicle is a little hammer in the middle ear malleus
20%
This pelvic bone is responsible for "bony bottoms" ischium
17%
No matching quizzes found
Score Distribution
Percent of People with Each Score
Percentile by Number Answered
Your Score History
You have not taken this quiz